Jane Eyre
Đã lưu trong:
| 主要作者: | |
|---|---|
| 格式: | 圖書 |
| 語言: | English |
| 出版: |
Great Britain
Penguin Books
1847
|
| 主題: | |
| 標簽: |
添加標簽
沒有標簽, 成為第一個標記此記錄!
|
| Thư viện lưu trữ: | Trung tâm Học liệu Lê Vũ Hùng, Trường Đại học Đồng Tháp |
|---|
| LEADER | 00652pam a22002178a 4500 | ||
|---|---|---|---|
| 001 | 00025134 | ||
| 005 | 20171026081022.0 | ||
| 008 | 110731s1847 ||||||engsd | ||
| 041 | 0 | # | |a eng |
| 082 | 1 | # | |a 823 |b J100N |
| 100 | 1 | # | |a Brontèˆ, Charlotte |d 1816-1855 |
| 245 | 1 | 0 | |a Jane Eyre |c Charlotte Brontèˆ |
| 260 | # | # | |a Great Britain |b Penguin Books |c 1847 |
| 300 | # | # | |a 447 p. |c 18 cm. |
| 650 | |a Anh | ||
| 650 | |a Truyện ngắn | ||
| 650 | |a Văn học hiện đại | ||
| 852 | # | # | |b Kho đọc |j KD.0008813 |
| 852 | # | # | |j KD.0008813 |
| 910 | |d 31/07/2011 | ||
| 980 | # | # | |a Trung tâm Học liệu Lê Vũ Hùng, Trường Đại học Đồng Tháp |